=LDR 00000nam 2200000 4500 =001 INLIS000000000036653 =005 20200212031530 =035 ##$$a 0010-061300000036653 =008 200212################g##########0#ind## =041 ##$$a Ind =082 ##$$a 155.5 =090 ##$$a 155.5, Sur k =100 ##$$a Surbakti, E. B. =245 1#$$a Kenalilah anak remaja anda, Surbakti /$c Drs. E. B. Surbakti, M. A. =260 ##$$a Jakarta :$b Gramedia,$c 2009 =300 ##$$a xiv, 390 hlm, ; $c 21 x 14 cm =650 #4$$a Psikologi Remaja =850 ##$$a NBPNMAT =020 ##$$a 978-979-27-5363-9 =084 ##$$a 155.5 SUR k =500 ##$$a Bibliografi; hlm. 383-390 =990 ##$$a 21104147 =990 ##$$a 21104148